000 00310nam a2200121Ia 4500
008 220204s9999 xx 000 0 und d
082 _a369.011.6
_bDIX
245 0 _aPoverty:A persistant global reality
260 _aLondon
_bRoutledge
_c1998
700 _aDixon, John
700 _aMacarov, David
942 _cBK
999 _c41688
_d41688